00511cam a22001697a 4500008004000000020001500040082001300055100001800068245010300086260002800189300001000217650001600227650002200243650004600265650001200311700001800323180718b1995 xxu||||| |||| 00| 0 eng d a0631162283 aB11 J763 aJordan, Glenn aCultural politics : class, gender, race and the postmodern worldcby Glenn Jordan and Chris Weedon aOxfordbBlackwellc1995 a624p. aEthnic Arts aMinorities in Art aArts and Society - History - 20th Century aCulture aWeedon, Chris